| Tag |
First Indicator |
Second Indicator |
Subfields |
| LEADER |
00000cam a2200000Ii 4500 |
| 001 |
in00002395913 |
| 005 |
20151109062737.0 |
| 008 |
761109s1948 enk 000 1 eng d |
| 029 |
1 |
|
|a NLGGC
|b 263083950
|
| 035 |
|
|
|a (OCoLC)ocm02549189
|
| 035 |
|
|
|a (OCoLC)2549189
|
| 040 |
|
|
|a IRU
|c IRU
|d OCL
|d TXA
|d UtOrBLW
|
| 049 |
|
|
|a TXAM
|
| 090 |
|
|
|a PR6037.I8
|b I18 1948
|
| 092 |
|
|
|a 823.9
|b S6232i
|
| 100 |
1 |
|
|a Sitwell, Edith,
|d 1887-1964.
|
| 245 |
1 |
0 |
|a I live under a black sun :
|b a novel /
|c Edith Sitwell.
|
| 264 |
|
1 |
|a London :
|b J. Lehmann,
|c 1948.
|
| 300 |
|
|
|a 254 pages ;
|c 18 cm.
|
| 336 |
|
|
|a text
|b txt
|2 rdacontent
|
| 337 |
|
|
|a unmediated
|b n
|2 rdamedia
|
| 338 |
|
|
|a volume
|b nc
|2 rdacarrier
|
| 490 |
1 |
|
|a Holiday library
|
| 500 |
|
|
|a First published in 1937.
|
| 600 |
1 |
0 |
|a Swift, Jonathan,
|d 1667-1745
|v Fiction.
|
| 830 |
|
0 |
|a Holiday library.
|
| 948 |
|
|
|a cataloged
|b h
|c 2008/6/6
|d c
|e jgreene
|f 3:49:10 pm
|
| 994 |
|
|
|a C0
|b TXA
|
| 999 |
|
|
|a MARS
|
| 999 |
f |
f |
|s 473b7cc4-68ca-370c-bc23-59002e53c75a
|i b3953b78-85d9-35bf-821c-f23e5687659b
|t 0
|
| 952 |
f |
f |
|p noncirc
|a Texas A&M University
|b College Station
|c Cushing Memorial Library & Archives
|d Cushing: Literature/Mitchell (Does not check out)
|t 0
|e PR6037.I8 I18 1948
|h Library of Congress classification
|i unmediated -- volume
|
| 998 |
f |
f |
|a PR6037.I8 I18 1948
|t 0
|l Cushing: Literature/Mitchell (Does not check out)
|